000 00654nam a2200169 a 4500
008 120718s1987 ||||||||||||||||| || u
020 _a0907962386
050 _aD 880 Thi
100 _aGauhar, Altaf
245 1 0 _aThird world affairs, 1987
_ceditor-in-chief Altaf Gauhar
260 _aLondon
_bThird World Foundation
_c1987
300 _axvii, 534p.: ill.
490 _aThird World Foundation for Social and Economic Studies
500 _aBibliography
650 _aDEVELOPING COUNTRIES--PERIODICALS
995 _aSPECIAL COLLECTIONS
_e500025
_FCBU-DAG HAMMARSKJOLD INSTITUTE LIBRARY
_jDAG D 880 Thi
_M1
_UAVAILABLE
_WAug 21, 2012
_y500025
_ZDHIPS Book Collection
999 _c510
_d510